Применение ядерно-физических методов для анализа фосфатных руд месторождений Южной Якутии; Известия Томского политехнического университета [Известия ТПУ]; Т. 306, № 6
| Parent link: | Известия Томского политехнического университета [Известия ТПУ]/ Томский политехнический университет (ТПУ).— , 2000- Т. 306, № 6.— 2003.— [С. 18-20] |
|---|---|
| Hovedforfatter: | |
| Summary: | Заглавие с титульного листа Электронная версия печатной публикации При поисках и разведке фосфатных руд Южной Якутии использовались гамма-спектрометрическая съемка тория, фторометрическая нейтронно-активационная съемка и рентгенорадиометрический анализ на церий. Для массовых поисков апатитовых руд наиболее эффективной была признана аэрогаммаспектрометрическая съемка, а при наземных детальных поисках − рентгенорадиометрический анализ литогеохимических проб на церий. Для целей управления качеством отработки фосфатных месторождений Южной Якутии рекомендуется использовать нейтронно-активационные методы определения концентрации фосфатов по фтору. |
| Sprog: | russisk |
| Udgivet: |
2003
|
| Serier: | Естественные науки |
| Fag: | |
| Online adgang: | http://www.lib.tpu.ru/fulltext/v/Bulletin_TPU/2003/v306/i6/04.pdf |
| Format: | MixedMaterials Electronisk Book Chapter |
| KOHA link: | https://koha.lib.tpu.ru/cgi-bin/koha/opac-detail.pl?biblionumber=167894 |
MARC
| LEADER | 00000nla2a2200000 4500 | ||
|---|---|---|---|
| 001 | 167894 | ||
| 005 | 20240124100230.0 | ||
| 035 | |a (RuTPU)RU\TPU\book\182147 | ||
| 035 | |a RU\TPU\book\182143 | ||
| 090 | |a 167894 | ||
| 100 | |a 20091021d2003 k y0rusy50 ca | ||
| 101 | 0 | |a rus | |
| 102 | |a RU | ||
| 135 | |a drnn ---uucaa | ||
| 181 | 0 | |a i | |
| 182 | 0 | |a b | |
| 200 | 1 | |a Применение ядерно-физических методов для анализа фосфатных руд месторождений Южной Якутии |f Г. Ю. Боярко | |
| 203 | |a Текст |c электронный | ||
| 215 | |a 1 файл (282 Кб) | ||
| 225 | 1 | |a Естественные науки | |
| 300 | |a Заглавие с титульного листа | ||
| 300 | |a Электронная версия печатной публикации | ||
| 320 | |a [Библиогр.: с. 20 (8 назв.)] | ||
| 330 | |a При поисках и разведке фосфатных руд Южной Якутии использовались гамма-спектрометрическая съемка тория, фторометрическая нейтронно-активационная съемка и рентгенорадиометрический анализ на церий. Для массовых поисков апатитовых руд наиболее эффективной была признана аэрогаммаспектрометрическая съемка, а при наземных детальных поисках − рентгенорадиометрический анализ литогеохимических проб на церий. Для целей управления качеством отработки фосфатных месторождений Южной Якутии рекомендуется использовать нейтронно-активационные методы определения концентрации фосфатов по фтору. | ||
| 337 | |a Adobe Reader | ||
| 461 | 1 | |0 (RuTPU)RU\TPU\book\176237 |t Известия Томского политехнического университета [Известия ТПУ] |f Томский политехнический университет (ТПУ) |d 2000- | |
| 463 | 1 | |0 (RuTPU)RU\TPU\book\182122 |t Т. 306, № 6 |v [С. 18-20] |d 2003 |p 167 с. | |
| 610 | 1 | |a ядерно-физические методы | |
| 610 | 1 | |a фосфатные руды | |
| 610 | 1 | |a Южная Якутия | |
| 610 | 1 | |a месторождения | |
| 610 | 1 | |a гамма-спектрометрическая съемка | |
| 610 | 1 | |a торий | |
| 610 | 1 | |a нейтронно-активационный анализ | |
| 610 | 1 | |a рентгенорадиометрический анализ | |
| 610 | 1 | |a церий | |
| 610 | 1 | |a апатитовые руды | |
| 610 | 1 | |a фосфаты | |
| 610 | 1 | |a аэрогаммаспектрометрическая съемка | |
| 610 | 1 | |a труды учёных ТПУ | |
| 610 | 1 | |a электронный ресурс | |
| 700 | 1 | |a Боярко |b Г. Ю. |c экономист |c заведующий кафедрой Томского политехнического университета, доктор экономических наук |f 1954- |g Григорий Юрьевич |3 (RuTPU)RU\TPU\pers\26105 |9 11935 | |
| 801 | 1 | |a RU |b 63413507 |c 20090623 |g PSBO | |
| 801 | 2 | |a RU |b 63413507 |c 20210521 |g PSBO | |
| 856 | 4 | |u http://www.lib.tpu.ru/fulltext/v/Bulletin_TPU/2003/v306/i6/04.pdf | |
| 942 | |c CF | ||